O šiestej večer v Astórií
Román o statočnosti a veľkorysosti, ale aj sebectve, úplatkárstve, sebapreceňovaní, zneužívaní moci. Autor si zvolil zaujímavé rámcovanie príbehu, cez ktorý majstrovsky približuje zložitý obraz života českej spoločnosti od oslobodenia do konca šesťdesiatych rokov.
| Main Author: | |
|---|---|
| Other Authors: | |
| Format: | CD Audio |
| Language: | Slovak Czech |
| PhysicalDescription: | 1 elektronický optický disk (CD-ROM) digitálny, mono, MP3 12 cm |
| Published: |
Levoča
Slovenská knižnica pre nevidiacich Mateja Hrebendu
2021
|
| ISBN: | 9788018099230 |
| Subjects: |
MARC
| LEADER | 00000nim a2200000 a 4500 | ||
|---|---|---|---|
| 001 | vtls012055897 | ||
| 003 | SK-MaSNL | ||
| 005 | 20260301014716.0 | ||
| 007 | sd fsngnnmmnud | ||
| 008 | 210527s2021 xo nnnnfs f n slo | ||
| 015 | |a SNBJ2023 | ||
| 020 | |a 9788018099230 |q (zvuková kniha) | ||
| 040 | |a SNK |b slo |c SNK |e AACR2 | ||
| 041 | 1 | |a slo |h cze | |
| 044 | |a xo |c SK | ||
| 080 | |a (086.76) |2 2001 | ||
| 100 | 1 | |a Pluhař, Zdeněk, |d 1913-1991 |4 aut |9 211729 | |
| 245 | 1 | 0 | |a O šiestej večer v Astórií |h elektronický zdroj |c Zdeněk Pluhař ; číta: Dušan Szabó |
| 260 | |a Levoča |b Slovenská knižnica pre nevidiacich Mateja Hrebendu |c 2021 | ||
| 300 | |a 1 elektronický optický disk (CD-ROM) |b digitálny, mono, MP3 |c 12 cm | ||
| 306 | |a 220000 | ||
| 520 | 8 | |a Román o statočnosti a veľkorysosti, ale aj sebectve, úplatkárstve, sebapreceňovaní, zneužívaní moci. Autor si zvolil zaujímavé rámcovanie príbehu, cez ktorý majstrovsky približuje zložitý obraz života českej spoločnosti od oslobodenia do konca šesťdesiatych rokov. | |
| 521 | |a pre nevidiacich, slabozrakých a inak zdravotne postihnutých | ||
| 655 | 7 | |a zvukové záznamy |2 SNKPH |9 70720 | |
| 655 | 7 | |a spoločenské romány |2 SNKPH |9 70538 | |
| 655 | 7 | |a CD-ROM |2 SNKPH |9 70236 | |
| 700 | 1 | |a Szabó, Dušan |4 nrt |9 303426 | |
| 752 | |a Slovensko |d Levoča | ||
| 919 | |a 978-80-18-09923-0 | ||
| 999 | |c 559037 |d 560967 | ||
| 952 | |a SNK |b SNK |y PREZ |7 0 |p 17A1526577 |o snkSCD 6181 |i snk2023/4588 |8 0 |0 0 |1 0 |4 0 |d 2023-03-16 |l 0 |r 2026-02-23 13:36:18 |w 2026-02-23 | ||


